000 01975cam a22004934a 4500
001 muse69509
003 MdBmJHUP
005 20210127151155.0
006 m o d
007 cr||||||||nn|n
008 040723s2005 mdu o 00 0 eng d
010 _z 2004017268
020 _a9781421427652
020 _z0801880734 (hardcover : alk. paper)
020 _z9781421429373
035 _a(OCoLC)1048234544
040 _aMdBmJHUP
_cMdBmJHUP
043 _an-us-md
050 0 4 _aQP360
_b.S366 2005
082 0 _a152/.092
_aB
_222
100 1 _aSchulkin, Jay.
245 1 0 _aCurt Richter
_bA Life in the Laboratory /
_cJay Schulkin.
264 1 _bJohns Hopkins University Press,
264 3 _bProject MUSE,
300 _a1 online resource (xvi, 187 p.) :
_bill. ;
504 _aIncludes bibliographical references (p. [147]-178) and index.
505 0 _aOrigins and orientation -- Biological clocks and spontaneous behaviors -- Ingestive behaviors and the internal milieu -- A psychobiological perspective on the domesticated and the wild -- Panama: neurobiological investigations and clinical applications -- An artisan in the laboratory.
506 0 _aOpen Access
_fUnrestricted online access
_2star
588 _aDescription based on print version record.
600 1 1 _aRichter, Curt Paul,
_d1894-1988.
600 1 1 _aRichter, Curt Paul,
_d1894-1988.
650 2 0 _aPsychology
_vBiography.
650 2 0 _aBiological Clocks
_vBiography.
650 1 0 _aBehavior
_xphysiology
_vBiography.
650 0 _aPsychobiology, Experimental
_zMaryland
_vBiography.
655 7 _aElectronic books.
_2local
710 2 _aProject Muse.
_edistributor
830 0 _aBook collections on Project MUSE.
856 4 0 _zFull text available:
_uhttps://muse.jhu.edu/book/60340/
999 _c24882
_d24882